| 000 | 00389 a2200133 4500 | ||
|---|---|---|---|
| 001 | 88440 | ||
| 082 | _aPR 655 | ||
| 090 |
_c41865 _d41865 |
||
| 100 | _aTirth Man Gubhaju | ||
| 245 | _aDetermination of thermal conductivity of given sample by thermal conductivity apparatus | ||
| 260 |
_aKarachi _bUniversity of Karachi _c1971 |
||
| 300 | _a75 p. | ||
| 500 | _aBE Poject Reports | ||
| 942 |
_aUniversity of Karachi _kPR 655 |
||
| 999 |
_c323513 _d323513 |
||